Áreas metropolitanas más pobladas de Europa - Estadísticas

Estadísticas generales
  • Esta prueba ha sido intentada 117 veces
  • La puntuación promedio es 37 de 50
Estadísticas de respuestas
Puesto Habitantes País Respuesta % Correcto
10 4.875.000 España Barcelona
99%
3 14.900.000 Reino Unido Londres
99%
5 6.650.000 España Madrid
99%
1 19.100.000 Rusia Moscú
99%
2 15.900.000 Turquía Estambul
98%
14 3.475.000 Ucrania Kiev
98%
4 11.500.000 Francia París
98%
13 3.575.000 Grecia Atenas
97%
7 6.100.000 Italia Milán
97%
15 3.425.000 Italia Roma
97%
22 2.525.000 Países Bajos Amsterdam
95%
24 2.500.000 Portugal Lisboa
95%
12 4.050.000 Italia Nápoles
95%
27 2.300.000 Alemania Munich
93%
6 6.500.000 Rusia San Petersburgo
93%
34 1.920.000 España Valencia
93%
26 2.350.000 Austria Viena
93%
23 2.500.000 Hungría Budapest
92%
11 4.850.000 Alemania Berlín
91%
28 2.275.000 Suecia Estocolmo
90%
21 2.750.000 Bélgica Bruselas
88%
31 2.200.000 Rumanía Bucarest
88%
35 1.890.000 Reino Unido Liverpool
86%
38 1.700.000 Francia Marsella
85%
46 1.530.000 Irlanda Dublín
84%
20 2.925.000 Alemania Hamburgo
84%
33 2.025.000 Francia Lyon
84%
19 3.150.000 Reino Unido Manchester
84%
44 1.550.000 Portugal Oporto
84%
36 1.770.000 Dinamarca Copenhague
83%
50 1.470.000 República Checa Praga
81%
32 2.100.000 Bielorrusia Minsk
76%
18 3.250.000 Reino Unido Birmingham
73%
17 3.300.000 Alemania Frankfurt
73%
47 1.530.000 Finlandia Helsinki
73%
48 1.490.000 Suiza Zurich
73%
16 3.400.000 Países Bajos Rotterdam-La Haya
69%
37 1.700.000 Reino Unido Glasgow
67%
43 1.580.000 Italia Turín
66%
30 2.225.000 Reino Unido Leeds
55%
9 5.000.000 Alemania Colonia-Düsseldorf
51%
25 2.400.000 Alemania Stuttgart
47%
8 5.650.000 Alemania Región del Ruhr
33%
40 1.600.000 Ucrania Jarkov
28%
49 1.470.000 Reino Unido Newcastle
28%
41 1.590.000 Rusia Kazán
22%
39 1.660.000 Rusia Nizhni Novgorod
19%
45 1.540.000 Reino Unido Sheffield
15%
29 2.225.000 Polonia Katowice - Alta Silesia
13%
42 1.590.000 Alemania Mannheim
12%
No se encontraron pruebas coincidentes
Distribución de puntuación
Porcentaje de gente con cada puntuación
Porcentaje por número respondido
Historial de tus puntuaciones
No has intentado esta prueba.